[Event "18th Charleroi Open-A 2019"]
[Site "Charleroi"]
[Date "2019.08.03"]
[Round "9.24"]
[White "Damlakhi, Mahmoud"]
[Black "Barbier, Wim"]
[Result "0-1"]
[WhiteElo "2008"]
[BlackElo "2068"]
[Annotator "NA"]
[PlyCount "84"]
[EventDate "2019.07.22"]
[EventType "swiss"]
[EventCountry "BEL"]
[SourceTitle "playchess.com"]
[Source "ChessBase"]
[SourceQuality "1"]
[TimeControl "40/5400+30:1800+30"]

1. d4 {[%emt 0:00:00]} d6 {[%emt 0:00:00]} 2. Nf3 {[%emt 0:00:00]} Nf6 {[%emt 0:00:00]} 3. g3 {[%emt 0:00:22]} Nbd7 {[%emt 0:00:07]} 4. Bg2 {[%emt 0:00:10]} e5 {[%emt 0:00:30]} 5. O-O {[%emt 0:00:17]} Be7 {[%emt 0:00:44]} 6. c4 {[%emt 0:00:45]} O-O {[%emt 0:01:10]} 7. Nc3 {[%emt 0:00:08]} c6 {[%emt 0:01:09]} 8. e4 {[%emt 0:00:22]} a6 {[%emt 0:00:25]} 9. a4 {[%emt 0:00:08]} a5 {[%emt 0:00:34]} 10. h3 {[%emt 0:00:17]} Re8 {[%emt 0:00:28]} 11. Be3 {[%emt 0:00:08]} Bf8 {[%emt 0:01:15]} 12. Qc2 {[%emt 0:01:26]} exd4 {[%emt 0:02:43]} 13. Nxd4 {[%emt 0:00:10]} Nc5 {[%emt 0:00:13]} 14. Rfe1 {[%emt 0:04:56]} Qb6 {[%emt 0:04:49]} 15. b3 {[%emt 0:00:21]} Be6 {[%emt 0:09:06]} 16. Rad1 {[%emt 0:04:16]} Rad8 {[%emt 0:00:19]} 17. f4 {[%emt 0:01:02]} Bc8 {[%emt 0:10:34]} 18. Bf2 {[%emt 0:06:17]} g6 {[%emt 0:04:27]} 19. g4 {[%emt 0:17:00]} Qc7 {[%emt 0:08:02]} 20. Bg3 {[%emt 0:05:26]} Nfd7 {[%emt 0:02:58]} 21. Kh1 {[%emt 0:09:38]} Bg7 {[%emt 0:03:50]} 22. Ndb5 {[%emt 0:07:36]} Qb6 {[%emt 0:04:28]} 23. Rxd6 {[%emt 0:07:10]} Bf8 {[%emt 0:02:51]} 24. Nd5 {[%emt 0:00:13]} Qa6 {[%emt 0:00:23]} 25. Rxd7 {[%emt 0:09:23]} Bxd7 {[%emt 0:03:38]} 26. Nbc7 {[%emt 0:02:46]} Qa7 {[%emt 0:00:06]} 27. Nf6+ {[%emt 0:00:19]} Kh8 {[%emt 0:00:06]} 28. Ncxe8 {[%emt 0:00:16]} Bxe8 {[%emt 0:00:09]} 29. Nxe8 {[%emt 0:01:03]} Rxe8 {[%emt 0:00:06]} 30. e5 {[%emt 0:00:10]} Qb6 {[%emt 0:00:21]} 31. Rb1 {[%emt 0:02:46]} Rd8 {[%emt 0:01:30]} 32. Bf1 {[%emt 0:08:16]} Rd4 {[%emt 0:06:20]} 33. f5 {[%emt 0:01:22]} Ne4 {[%emt 0:01:28]} 34. Bh2 {[%emt 0:00:41]} Nd2 {[%emt 0:03:22]} 35. Re1 {[%emt 0:03:27]} Nf3 {[%emt 0:03:52]} 36. Re2 {[%emt 0:00:57]} Qc5 {[%emt 0:03:59]} 37. Bg2 {[%emt 0:00:46]} Nxh2 {[%emt 0:00:28]} 38. Kxh2 {[%emt 0:00:05]} Bh6 {[%emt 0:00:31]} 39. e6 {[%emt 0:02:25]} Qd6+ {[%emt 0:00:38]} 40. Kg1 {[%emt 0:00:41]} Rd1+ {[%emt 0:00:13]} 41. Kf2 {[%emt 0:33:58]} Qd4+ {[%emt 0:30:14]} 42. Kf3 {[%emt 0:00:43]} Qf4# {[%emt 0:00:06]} 0-1

[Event "18th Charleroi Open-A 2019"]
[Site "Charleroi"]
[Date "2019.08.03"]
[Round "9.25"]
[White "Dugailliez, Guy"]
[Black "Godry, Clement"]
[Result "0-1"]
[WhiteElo "2063"]
[BlackElo "1962"]
[Annotator "NA"]
[PlyCount "74"]
[EventDate "2019.07.22"]
[EventType "swiss"]
[EventCountry "BEL"]
[SourceTitle "playchess.com"]
[Source "ChessBase"]
[SourceQuality "1"]
[TimeControl "40/5400+30:1800+30"]

1. e4 {[%emt 0:00:00]} e5 {[%emt 1:30:30]} 2. f4 {[%emt 0:00:00]} Nc6 {[%emt 0:00:00]} 3. Nf3 {[%emt 0:00:17]} f5 {[%emt 0:00:00]} 4. exf5 {[%emt 0:01:02]} e4 {[%emt 0:00:00]} 5. Ne5 {[%emt 0:03:15]} Nf6 {[%emt 0:00:00]} 6. d3 {[%emt 0:01:17]} Qe7 {[%emt 0:00:00]} 7. Be2 {[%emt 0:04:51]} Nxe5 {[%emt 0:00:00]} 8. fxe5 {[%emt 0:00:18]} Qxe5 {[%emt 0:00:00]} 9. O-O {[%emt 0:02:19]} Bc5+ {[%emt 0:00:00]} 10. Kh1 {[%emt 0:00:30]} O-O {[%emt 0:00:00]} 11. c3 {[%emt 0:02:34]} exd3 {[%emt 0:00:00]} 12. Bxd3 {[%emt 0:00:47]} d5 {[%emt 0:00:00]} 13. Bf4 {[%emt 0:03:11]} Qe7 {[%emt 0:00:00]} 14. Bg5 {[%emt 0:07:54]} Bd7 {[%emt 0:00:00]} 15. Nd2 {[%emt 0:02:30]} Rae8 {[%emt 0:00:00]} 16. b4 {[%emt 0:05:32]} Bd6 {[%emt 0:00:00]} 17. Qb3 {[%emt 0:01:34]} c6 {[%emt 0:00:00]} 18. Ne4 {[%emt 0:04:12]} Be5 {[%emt 0:00:00]} 19. Rae1 {[%emt 0:00:10]} Qf7 {[%emt 0:00:00]} 20. Nc5 {[%emt 0:03:11]} Bxh2 {[%emt 0:00:00]} 21. Rxe8 {[%emt 0:14:44]} Rxe8 {[%emt 0:00:00]} 22. Qd1 {[%emt 0:02:15]} Be5 {[%emt 0:00:00]} 23. c4 {[%emt 0:02:24]} b6 {[%emt 0:00:00]} 24. Bxf6 {[%emt 0:03:21]} Bxf6 {[%emt 0:00:00]} 25. Nxd7 {[%emt 0:00:35]} Qxd7 {[%emt 0:00:00]} 26. cxd5 {[%emt 0:00:22]} cxd5 {[%emt 0:00:00]} 27. Re1 {[%emt 0:02:36]} Bc3 {[%emt 0:00:00]} 28. Rxe8+ {[%emt 0:02:09]} Qxe8 {[%emt 0:00:00]} 29. b5 {[%emt 0:01:41]} Qe3 {[%emt 0:00:00]} 30. Bc2 {[%emt 0:07:14]} Bd4 {[%emt 0:00:00]} 31. g3 {[%emt 0:01:01]} Kf8 {[%emt 0:00:00]} 32. Kg2 {[%emt 0:01:00]} Qf2+ {[%emt 0:00:00]} 33. Kh3 {[%emt 0:00:50]} Be5 {[%emt 0:00:00]} 34. Qd3 {[%emt 0:01:30]} Ke7 {[%emt 0:00:00]} 35. Bb3 {[%emt 0:03:56]} d4 {[%emt 0:00:00]} 36. Kg4 {[%emt 0:03:52]} Kf6 {[%emt 0:00:00]} 37. Qf3 {[%emt 0:00:52]} h5+ {[%emt 0:00:00]} 0-1

[Event "18th Charleroi Open-A 2019"]
[Site "Charleroi"]
[Date "2019.08.03"]
[Round "9.26"]
[White "Roels, Frederik"]
[Black "Oupindrin, Narayanin"]
[Result "0-1"]
[WhiteElo "1944"]
[BlackElo "2056"]
[Annotator "NA"]
[PlyCount "78"]
[EventDate "2019.07.22"]
[EventType "swiss"]
[EventCountry "BEL"]
[SourceTitle "playchess.com"]
[Source "ChessBase"]
[SourceQuality "1"]
[TimeControl "40/5400+30:1800+30"]

1. d4 {[%emt 0:00:20]} Nf6 {[%emt 0:00:00]} 2. c4 {[%emt 0:00:16]} e6 {[%emt 0:00:02]} 3. Nf3 {[%emt 0:00:08]} Bb4+ {[%emt 0:00:26]} 4. Nbd2 {[%emt 0:00:48]} d5 {[%emt 0:02:33]} 5. Qa4+ {[%emt 0:00:05]} Nc6 {[%emt 0:00:13]} 6. a3 {[%emt 0:00:38]} Be7 {[%emt 0:01:24]} 7. e3 {[%emt 0:00:46]} Bd7 {[%emt 0:01:30]} 8. Qc2 {[%emt 0:00:09]} a5 {[%emt 0:03:28]} 9. b3 {[%emt 0:01:20]} O-O {[%emt 0:02:12]} 10. Bd3 {[%emt 0:02:41]} Re8 {[%emt 0:01:45]} 11. Bb2 {[%emt 0:01:32]} h6 {[%emt 0:02:20]} 12. O-O {[%emt 0:03:54]} Rc8 {[%emt 0:05:55]} 13. Bc3 {[%emt 0:03:07]} b6 {[%emt 0:02:01]} 14. Ne5 {[%emt 0:07:45]} Rf8 {[%emt 0:07:46]} 15. Bb2 {[%emt 0:10:06]} Nxe5 {[%emt 0:02:40]} 16. dxe5 {[%emt 0:01:15]} Ne8 {[%emt 0:00:18]} 17. f4 {[%emt 0:05:42]} f5 {[%emt 0:01:29]} 18. cxd5 {[%emt 0:00:32]} exd5 {[%emt 0:00:23]} 19. Ba6 {[%emt 0:05:35]} Rb8 {[%emt 0:02:08]} 20. Qd3 {[%emt 0:00:50]} c6 {[%emt 0:02:36]} 21. Rfc1 {[%emt 0:02:19]} Nc7 {[%emt 0:01:39]} 22. a4 {[%emt 0:02:20]} Ne6 {[%emt 0:02:49]} 23. Qf1 {[%emt 0:04:53]} Bc5 {[%emt 0:01:35]} 24. Rxc5 {[%emt 0:06:33]} Nxc5 {[%emt 0:00:41]} 25. Be2 {[%emt 0:00:06]} Be6 {[%emt 0:04:15]} 26. Qd1 {[%emt 0:03:13]} Ne4 {[%emt 0:01:37]} 27. Nf3 {[%emt 0:03:44]} c5 {[%emt 0:01:29]} 28. Qc2 {[%emt 0:01:26]} Rf7 {[%emt 0:03:46]} 29. Rd1 {[%emt 0:01:09]} Rd7 {[%emt 0:02:26]} 30. Bb5 {[%emt 0:00:47]} Rc7 {[%emt 0:00:17]} 31. Qe2 {[%emt 0:00:56]} Qe7 {[%emt 0:01:08]} 32. Rc1 {[%emt 0:02:06]} Kh7 {[%emt 0:03:50]} 33. Ba3 {[%emt 0:00:25]} Qf7 {[%emt 0:04:47]} 34. Qe1 {[%emt 0:00:27]} Kg8 {[%emt 0:04:26]} 35. Bd3 {[%emt 0:01:01]} Rd8 {[%emt 0:01:50]} 36. Bb2 {[%emt 0:00:45]} Qe7 {[%emt 0:05:16]} 37. Qe2 {[%emt 0:05:02]} Kh8 {[%emt 0:04:39]} 38. Nh4 {[%emt 0:01:00]} Qxh4 {[%emt 0:00:27]} 39. g4 {[%emt 0:00:11]} Qxg4+ {[%emt 0:00:49]} 0-1

[Event "18th Charleroi Open-A 2019"]
[Site "Charleroi"]
[Date "2019.08.03"]
[Round "9.27"]
[White "Zamparo, Sergio"]
[Black "Butzen, Robin"]
[Result "1-0"]
[WhiteElo "2031"]
[BlackElo "1967"]
[Annotator "NA"]
[PlyCount "83"]
[EventDate "2019.07.22"]
[EventType "swiss"]
[EventCountry "BEL"]
[SourceTitle "playchess.com"]
[Source "ChessBase"]
[SourceQuality "1"]
[TimeControl "40/5400+30:1800+30"]

1. e4 {[%emt 0:00:00]} c5 {[%emt 0:00:31]} 2. Nf3 {[%emt 0:00:00]} d6 {[%emt 0:00:17]} 3. d4 {[%emt 0:00:00]} cxd4 {[%emt 0:00:07]} 4. Nxd4 {[%emt 0:00:00]} Nf6 {[%emt 0:00:13]} 5. Nc3 {[%emt 0:00:11]} a6 {[%emt 0:00:06]} 6. a4 {[%emt 0:00:13]} e5 {[%emt 0:04:48]} 7. Nb3 {[%emt 0:00:11]} Be7 {[%emt 0:00:12]} 8. Be2 {[%emt 0:03:39]} O-O {[%emt 0:00:24]} 9. O-O {[%emt 0:01:51]} b6 {[%emt 0:04:39]} 10. Be3 {[%emt 0:01:05]} Bb7 {[%emt 0:01:03]} 11. f3 {[%emt 0:14:44]} Nbd7 {[%emt 0:02:39]} 12. Nd2 {[%emt 0:08:35]} d5 {[%emt 0:06:39]} 13. exd5 {[%emt 0:00:25]} Nxd5 {[%emt 0:06:44]} 14. Nxd5 {[%emt 0:00:12]} Bxd5 {[%emt 0:00:06]} 15. Nc4 {[%emt 0:05:13]} Be6 {[%emt 0:01:08]} 16. Qd2 {[%emt 0:06:19]} Qc7 {[%emt 0:03:29]} 17. b3 {[%emt 0:03:04]} f5 {[%emt 0:06:05]} 18. Bf2 {[%emt 0:04:48]} Rfd8 {[%emt 0:08:17]} 19. Rfd1 {[%emt 0:07:05]} Rac8 {[%emt 0:16:15]} 20. Qe1 {[%emt 0:05:04]} Nc5 {[%emt 0:22:01]} 21. Bf1 {[%emt 0:07:49]} Bf6 {[%emt 0:06:25]} 22. Rxd8+ {[%emt 0:09:03]} Rxd8 {[%emt 0:00:06]} 23. Nxb6 {[%emt 0:06:28]} e4 {[%emt 0:08:11]} 24. Rb1 {[%emt 0:00:09]} Qxb6 {[%emt 0:00:58]} 25. b4 {[%emt 0:00:01]} Qc6 {[%emt 0:00:24]} 26. Bxc5 {[%emt 0:01:45]} exf3 {[%emt 0:00:32]} 27. gxf3 {[%emt 0:04:26]} Bd5 {[%emt 0:00:10]} 28. Rd1 {[%emt 0:01:30]} Bxf3 {[%emt 0:00:12]} 29. Bc4+ {[%emt 0:01:23]} Kh8 {[%emt 0:01:00]} 30. Rxd8+ {[%emt 0:02:37]} Bxd8 {[%emt 0:00:06]} 31. Qe5 {[%emt 0:01:57]} Qd7 {[%emt 0:01:08]} 32. Bd3 {[%emt 0:03:36]} Bc6 {[%emt 0:00:30]} 33. a5 {[%emt 0:00:53]} Be4 {[%emt 0:00:31]} 34. Bxe4 {[%emt 0:01:29]} Qd1+ {[%emt 0:00:19]} 35. Kg2 {[%emt 0:00:33]} Qg4+ {[%emt 0:00:37]} 36. Kf1 {[%emt 0:00:02]} Qd1+ {[%emt 0:00:09]} 37. Kg2 {[%emt 0:00:09]} Qg4+ {[%emt 0:00:05]} 38. Kh1 {[%emt 0:00:38]} Qxe4+ {[%emt 0:01:11]} 39. Qxe4 {[%emt 0:00:03]} fxe4 {[%emt 0:00:04]} 40. Kg2 {[%emt 0:00:26]} Kg8 {[%emt 0:00:38]} 41. Kf2 {[%emt 0:30:22]} Kf7 {[%emt 0:05:31]} 42. b5 {[%emt 0:00:00]} 1-0

[Event "18th Charleroi Open-A 2019"]
[Site "Charleroi"]
[Date "2019.08.03"]
[Round "9.28"]
[White "Dierckens, Sarah"]
[Black "Miulescu, Gabriel"]
[Result "1/2-1/2"]
[WhiteElo "1770"]
[BlackElo "2020"]
[Annotator "NA"]
[PlyCount "41"]
[EventDate "2019.07.22"]
[EventType "swiss"]
[EventCountry "BEL"]
[SourceTitle "playchess.com"]
[Source "ChessBase"]
[SourceQuality "1"]
[TimeControl "40/5400+30:1800+30"]

1. e4 {[%emt 0:00:00]} c5 {[%emt 0:00:00]} 2. Nf3 {[%emt 0:00:00]} e6 {[%emt 0:00:00]} 3. d4 {[%emt 0:00:00]} cxd4 {[%emt 0:00:01]} 4. Nxd4 {[%emt 0:00:00]} Nc6 {[%emt 0:00:12]} 5. Nc3 {[%emt 0:00:33]} Qc7 {[%emt 0:00:12]} 6. Be2 {[%emt 0:02:59]} a6 {[%emt 0:00:23]} 7. Nxc6 {[%emt 0:03:08]} bxc6 {[%emt 0:00:11]} 8. f4 {[%emt 0:01:53]} Bc5 {[%emt 0:06:56]} 9. e5 {[%emt 0:05:12]} f5 {[%emt 0:02:51]} 10. Qd3 {[%emt 0:06:47]} a5 {[%emt 0:15:25]} 11. Qg3 {[%emt 0:01:23]} g6 {[%emt 0:03:08]} 12. Na4 {[%emt 0:00:32]} Bb4+ {[%emt 0:08:46]} 13. c3 {[%emt 0:01:22]} Bf8 {[%emt 0:01:23]} 14. Be3 {[%emt 0:02:41]} d5 {[%emt 0:08:40]} 15. exd6 {[%emt 0:12:35]} Bxd6 {[%emt 0:00:26]} 16. Rd1 {[%emt 0:00:06]} Nf6 {[%emt 0:02:58]} 17. Nb6 {[%emt 0:02:22]} Rb8 {[%emt 0:00:38]} 18. Nc4 {[%emt 0:00:05]} Be7 {[%emt 0:02:18]} 19. Bd4 {[%emt 0:00:50]} Ra8 {[%emt 0:05:25]} 20. Be5 {[%emt 0:01:41]} Qa7 {[%emt 0:00:24]} 21. Bd4 {[%emt 0:05:13]} 1/2-1/2

[Event "18th Charleroi Open-A 2019"]
[Site "Charleroi"]
[Date "2019.08.03"]
[Round "9.29"]
[White "Van Haelst, Raymond"]
[Black "Godde, Matthias"]
[Result "1-0"]
[WhiteElo "1947"]
[BlackElo "1989"]
[Annotator "NA"]
[PlyCount "73"]
[EventDate "2019.07.22"]
[EventType "swiss"]
[EventCountry "BEL"]
[SourceTitle "playchess.com"]
[Source "ChessBase"]
[SourceQuality "1"]
[TimeControl "40/5400+30:1800+30"]

1. e4 {[%emt 0:00:00]} c5 {[%emt 0:00:00]} 2. Ne2 {[%emt 0:00:00]} Nc6 {[%emt 0:00:00]} 3. Nbc3 {[%emt 0:00:00]} Nf6 {[%emt 0:00:26]} 4. g3 {[%emt 0:00:33]} g6 {[%emt 0:00:51]} 5. Bg2 {[%emt 0:00:06]} Bg7 {[%emt 0:00:10]} 6. O-O {[%emt 0:00:18]} O-O {[%emt 0:00:24]} 7. d4 {[%emt 0:00:53]} cxd4 {[%emt 0:01:35]} 8. Nxd4 {[%emt 0:00:36]} Nxe4 {[%emt 0:15:09]} 9. Nxc6 {[%emt 0:02:42]} Nxc3 {[%emt 0:01:03]} 10. Nxd8 {[%emt 0:00:09]} Nxd1 {[%emt 0:00:06]} 11. Nxb7 {[%emt 0:10:43]} Nxb2 {[%emt 0:05:28]} 12. Bxb2 {[%emt 0:04:26]} Bxb2 {[%emt 0:04:08]} 13. Rab1 {[%emt 0:00:28]} Be5 {[%emt 0:00:24]} 14. Rfe1 {[%emt 0:10:59]} Bc7 {[%emt 0:03:30]} 15. Rxe7 {[%emt 0:02:03]} Rb8 {[%emt 0:01:08]} 16. Rb3 {[%emt 0:00:34]} Kg7 {[%emt 0:07:47]} 17. c4 {[%emt 0:06:02]} Kf6 {[%emt 0:01:56]} 18. Re1 {[%emt 0:02:17]} d6 {[%emt 0:06:14]} 19. Rd1 {[%emt 0:03:34]} Ke7 {[%emt 0:02:01]} 20. Na5 {[%emt 0:11:14]} Rxb3 {[%emt 0:03:00]} 21. Nc6+ {[%emt 0:00:21]} Kf6 {[%emt 0:05:59]} 22. axb3 {[%emt 0:00:05]} Bg4 {[%emt 0:05:25]} 23. Rd4 {[%emt 0:15:03]} Bf5 {[%emt 0:04:23]} 24. Nxa7 {[%emt 0:03:28]} Re8 {[%emt 0:00:33]} 25. h3 {[%emt 0:01:11]} Re1+ {[%emt 0:03:16]} 26. Kh2 {[%emt 0:00:15]} Ke6 {[%emt 0:09:19]} 27. Nb5 {[%emt 0:04:33]} Bb8 {[%emt 0:00:17]} 28. Bd5+ {[%emt 0:01:25]} Kf6 {[%emt 0:01:33]} 29. Kg2 {[%emt 0:03:57]} Rb1 {[%emt 0:01:25]} 30. Rf4 {[%emt 0:02:03]} Ke7 {[%emt 0:08:25]} 31. Nd4 {[%emt 0:00:26]} Bd7 {[%emt 0:02:07]} 32. Rxf7+ {[%emt 0:00:23]} Ke8 {[%emt 0:00:06]} 33. Rxh7 {[%emt 0:03:34]} Ba7 {[%emt 0:00:13]} 34. Rh8+ {[%emt 0:00:17]} Ke7 {[%emt 0:00:06]} 35. Rh7+ {[%emt 0:00:13]} Ke8 {[%emt 0:00:02]} 36. Nc6 {[%emt 0:01:57]} Bd4 {[%emt 0:00:30]} 37. Re7+ {[%emt 0:02:12]} 1-0

[Event "18th Charleroi Open-A 2019"]
[Site "Charleroi"]
[Date "2019.08.03"]
[Round "9.30"]
[White "Guion, Geoffrey"]
[Black "Callier, Christophe"]
[Result "1/2-1/2"]
[WhiteElo "2006"]
[BlackElo "1986"]
[Annotator "NA"]
[PlyCount "41"]
[EventDate "2019.07.22"]
[EventType "swiss"]
[EventCountry "BEL"]
[SourceTitle "playchess.com"]
[Source "ChessBase"]
[SourceQuality "1"]
[TimeControl "40/5400+30:1800+30"]

1. e4 {[%emt 0:00:00]} g6 {[%emt 0:08:44]} 2. d4 {[%emt 0:00:39]} Nf6 {[%emt 0:00:02]} 3. Nc3 {[%emt 0:01:33]} d5 {[%emt 0:00:03]} 4. e5 {[%emt 0:01:02]} Ne4 {[%emt 0:00:01]} 5. Nxe4 {[%emt 0:01:31]} dxe4 {[%emt 0:00:02]} 6. Bc4 {[%emt 0:00:35]} Bg7 {[%emt 0:00:27]} 7. Ne2 {[%emt 0:00:29]} c5 {[%emt 0:00:05]} 8. c3 {[%emt 0:01:04]} Nc6 {[%emt 0:00:04]} 9. O-O {[%emt 0:01:23]} O-O {[%emt 0:00:11]} 10. h3 {[%emt 0:01:47]} Na5 {[%emt 0:00:38]} 11. Bb5 {[%emt 0:01:27]} Bd7 {[%emt 0:01:29]} 12. Bxd7 {[%emt 0:02:42]} Qxd7 {[%emt 0:00:09]} 13. Ng3 {[%emt 0:01:01]} cxd4 {[%emt 0:01:06]} 14. Qxd4 {[%emt 0:02:36]} Qxd4 {[%emt 0:01:53]} 15. cxd4 {[%emt 0:00:07]} f5 {[%emt 0:02:06]} 16. exf6 {[%emt 0:03:15]} Bxf6 {[%emt 0:00:13]} 17. Bd2 {[%emt 0:03:17]} Nc4 {[%emt 0:02:26]} 18. Bc3 {[%emt 0:03:07]} e3 {[%emt 0:05:04]} 19. fxe3 {[%emt 0:07:26]} Nxe3 {[%emt 0:00:18]} 20. Rf3 {[%emt 0:00:55]} Nd5 {[%emt 0:09:55]} 21. Ne4 {[%emt 0:02:25]} 1/2-1/2

[Event "18th Charleroi Open-A 2019"]
[Site "Charleroi"]
[Date "2019.08.03"]
[Round "9.31"]
[White "Denivet, Axel"]
[Black "Barbier, Astrid"]
[Result "0-1"]
[WhiteElo "1932"]
[BlackElo "1941"]
[Annotator "NA"]
[PlyCount "80"]
[EventDate "2019.07.22"]
[EventType "swiss"]
[EventCountry "BEL"]
[SourceTitle "playchess.com"]
[Source "ChessBase"]
[SourceQuality "1"]
[TimeControl "40/5400+30:1800+30"]

1. e4 {[%emt 0:00:00]} c5 {[%emt 0:00:00]} 2. Nf3 {[%emt 0:00:00]} g6 {[%emt 0:00:00]} 3. d4 {[%emt 0:00:00]} cxd4 {[%emt 0:00:00]} 4. Nxd4 {[%emt 0:00:00]} Nc6 {[%emt 0:00:00]} 5. Nc3 {[%emt 0:00:00]} Bg7 {[%emt 0:00:00]} 6. Be3 {[%emt 0:00:09]} Nf6 {[%emt 0:00:04]} 7. f3 {[%emt 0:00:59]} O-O {[%emt 0:01:52]} 8. Qd2 {[%emt 0:01:25]} d5 {[%emt 0:03:16]} 9. Nxc6 {[%emt 0:02:20]} bxc6 {[%emt 0:01:29]} 10. O-O-O {[%emt 0:01:31]} Be6 {[%emt 0:11:08]} 11. e5 {[%emt 0:09:48]} Nd7 {[%emt 0:02:05]} 12. f4 {[%emt 0:00:27]} Qa5 {[%emt 0:03:57]} 13. Kb1 {[%emt 0:04:37]} Rfb8 {[%emt 0:05:55]} 14. b3 {[%emt 0:08:30]} Nb6 {[%emt 0:10:04]} 15. Ne4 {[%emt 0:02:47]} Qxd2 {[%emt 0:04:17]} 16. Nxd2 {[%emt 0:01:15]} a5 {[%emt 0:07:35]} 17. Nf3 {[%emt 0:04:44]} Na4 {[%emt 0:09:47]} 18. Bd4 {[%emt 0:01:28]} c5 {[%emt 0:01:22]} 19. Bb2 {[%emt 0:01:45]} Nxb2 {[%emt 0:01:04]} 20. Kxb2 {[%emt 0:00:07]} f6 {[%emt 0:03:27]} 21. a4 {[%emt 0:04:24]} fxe5 {[%emt 0:02:10]} 22. fxe5 {[%emt 0:01:43]} c4 {[%emt 0:01:53]} 23. Ka2 {[%emt 0:01:06]} cxb3+ {[%emt 0:03:35]} 24. cxb3 {[%emt 0:00:23]} Rc8 {[%emt 0:05:29]} 25. Bd3 {[%emt 0:10:02]} Rc3 {[%emt 0:05:12]} 26. Nd4 {[%emt 0:05:17]} Bg4 {[%emt 0:01:07]} 27. Nb5 {[%emt 0:01:26]} Rc5 {[%emt 0:02:07]} 28. Rde1 {[%emt 0:01:46]} Rf8 {[%emt 0:01:08]} 29. Rhf1 {[%emt 0:05:25]} Rxf1 {[%emt 0:00:33]} 30. Bxf1 {[%emt 0:00:23]} Rc2+ {[%emt 0:00:37]} 31. Ka1 {[%emt 0:05:30]} Bh6 {[%emt 0:01:22]} 32. h3 {[%emt 0:01:59]} Bd2 {[%emt 0:05:43]} 33. Nd4 {[%emt 0:16:58]} Bc3+ {[%emt 0:01:24]} 34. Kb1 {[%emt 0:00:05]} Rb2+ {[%emt 0:00:28]} 35. Kc1 {[%emt 0:00:50]} Rf2 {[%emt 0:03:31]} 36. hxg4 {[%emt 0:03:50]} Bxe1 {[%emt 0:00:24]} 37. Bb5 {[%emt 0:02:54]} Bc3 {[%emt 0:00:52]} 38. Nc6 {[%emt 0:01:01]} Kf8 {[%emt 0:01:45]} 39. b4 {[%emt 0:01:44]} axb4 {[%emt 0:02:48]} 40. a5 {[%emt 0:01:22]} b3 0-1

[Event "18th Charleroi Open-A 2019"]
[Site "Charleroi"]
[Date "2019.08.03"]
[Round "9.32"]
[White "Lui, Eric"]
[Black "Verhalle, Elias"]
[Result "1-0"]
[WhiteElo "1884"]
[BlackElo "1983"]
[Annotator "NA"]
[PlyCount "83"]
[EventDate "2019.07.22"]
[EventType "swiss"]
[EventCountry "BEL"]
[SourceTitle "playchess.com"]
[Source "ChessBase"]
[SourceQuality "1"]
[TimeControl "40/5400+30:1800+30"]

1. e4 {[%emt 0:00:00]} e5 {[%emt 0:00:00]} 2. Nf3 {[%emt 0:00:32]} Nc6 {[%emt 0:00:00]} 3. Bb5 {[%emt 0:00:29]} a6 {[%emt 0:00:00]} 4. Ba4 {[%emt 0:00:32]} d6 {[%emt 0:00:00]} 5. O-O {[%emt 0:03:13]} Bg4 {[%emt 0:00:00]} 6. h3 {[%emt 0:00:16]} h5 {[%emt 0:00:00]} 7. Bxc6+ {[%emt 0:06:44]} bxc6 {[%emt 0:00:09]} 8. d3 {[%emt 0:00:36]} Qf6 {[%emt 0:08:46]} 9. hxg4 {[%emt 0:07:43]} hxg4 {[%emt 0:00:13]} 10. Ng5 {[%emt 0:00:21]} Qh6 {[%emt 0:00:27]} 11. Nh3 {[%emt 0:00:49]} Qh5 {[%emt 0:03:10]} 12. f4 {[%emt 0:06:24]} gxh3 {[%emt 0:00:36]} 13. Qxh5 {[%emt 0:00:22]} Rxh5 {[%emt 0:00:04]} 14. gxh3 {[%emt 0:07:02]} exf4 {[%emt 0:13:22]} 15. Bxf4 {[%emt 0:02:37]} Rb8 {[%emt 0:10:03]} 16. b3 {[%emt 0:01:01]} g5 {[%emt 0:11:35]} 17. Bd2 {[%emt 0:00:35]} Bg7 {[%emt 0:00:05]} 18. Bc3 {[%emt 0:00:22]} Bxc3 {[%emt 0:10:09]} 19. Nxc3 {[%emt 0:00:19]} Rxh3 {[%emt 0:14:26]} 20. Kg2 {[%emt 0:00:31]} Rh7 {[%emt 0:04:31]} 21. Rf5 {[%emt 0:04:48]} Rg7 {[%emt 0:04:48]} 22. Rh1 {[%emt 0:04:45]} Kd7 {[%emt 0:02:38]} 23. Ra5 {[%emt 0:03:48]} Ra8 {[%emt 0:00:32]} 24. Rh8 {[%emt 0:02:06]} Ra7 {[%emt 0:00:06]} 25. d4 {[%emt 0:05:40]} Ne7 {[%emt 0:01:29]} 26. Ne2 {[%emt 0:01:46]} d5 {[%emt 0:06:29]} 27. Ng3 {[%emt 0:04:56]} Ng6 {[%emt 0:02:03]} 28. Nf5 {[%emt 0:03:51]} Nh4+ {[%emt 0:02:05]} 29. Rxh4 {[%emt 0:00:50]} gxh4+ {[%emt 0:00:26]} 30. Nxg7 {[%emt 0:00:40]} dxe4 {[%emt 0:00:07]} 31. Re5 {[%emt 0:01:18]} Ra8 {[%emt 0:00:35]} 32. Kh3 {[%emt 0:01:05]} Rg8 {[%emt 0:00:22]} 33. Nf5 {[%emt 0:04:13]} Rg1 {[%emt 0:00:04]} 34. Rxe4 {[%emt 0:03:04]} Rh1+ {[%emt 0:01:51]} 35. Kg2 {[%emt 0:00:29]} Ra1 {[%emt 0:00:03]} 36. a4 {[%emt 0:00:30]} Rd1 {[%emt 0:00:08]} 37. Re7+ {[%emt 0:03:35]} Kc8 {[%emt 0:00:05]} 38. Re2 {[%emt 0:00:11]} Kb7 {[%emt 0:00:24]} 39. Kh3 {[%emt 0:00:21]} Rh1+ {[%emt 0:00:05]} 40. Rh2 {[%emt 0:01:02]} Re1 {[%emt 0:00:34]} 41. Kxh4 {[%emt 0:30:59]} Rf1 {[%emt 0:30:05]} 42. Kg4 {[%emt 0:01:01]} 1-0